Quick Pick: Shakespeare or Not? Quiz Stats

Quiz Updated Feb 19, 2016

Challenge
Share
Tweet
Embed
Score 0/7 Timer 01:00
4 Plays Today
% Correct
The Merchant of Venice
95.6%
All's Well That Ends Well
90.3%
The Winter's Tale
84.7%
Coriolanus
74.5%
Timon of Athens
68.4%
King John
66.4%
Cymbeline
64.3%

Today's Daily Dose

Missing Word
NPR Programs

Quick Pick
1991 Events

On This Day
June 18th II

You're not logged in!

Compare scores with friends on all Sporcle quizzes.
Join for Free
OR
Log In

You Might Also Like...

Show Comments

Extras

Top Quizzes Today


Score Distribution

Your Account Isn't Verified!

In order to create a playlist on Sporcle, you need to verify the email address you used during registration. Go to your Sporcle Settings to finish the process.

Report this User

Report this user for behavior that violates our Community Guidelines.

Details: